College Quizbowl Stats
College Quizbowl Stats
Circuits
Seasons
Sets
Records
Detailed Stats
About
Loading...
2024 ACF Regionals @ MIT
Tossups
Bonuses
Players
Teams
Categories (Tossup)
Categories (Bonus)
Ryan Powell
Brandeis B
Categories
Category
Powers
Gets
Negs
BBs
Points
Earliest Buzz
Avg. Buzz
First Buzzes
Top 3 Buzzes
Science - Biology
0
3
0
1
30
100
108.33
0
1
Literature - British Literature
0
2
0
0
20
135
135.00
0
0
Science - Chemistry
0
2
1
0
15
120
120.00
0
0
Science - Other Science
0
1
0
1
10
122
122.00
0
1
Social Science
0
0
0
0
0
0.00
0
0
Buzzes
Category
Answer
Value
Buzz Position
Science - Biology
hypertension
10
100
Science - Biology
hypertension
10
100
Science - Chemistry
solvation
-5
114
Science - Chemistry
nanoparticles
0
119
Science - Chemistry
nanoparticles
0
119
Science - Chemistry
ethers
10
120
Science - Chemistry
ethers
10
120
Science - Other Science
iron
10
122
Science - Biology
sperm cells
10
125
Social Science
utility
0
131
Previous
1
2
Next